| 000 | 00463nam a2200169Ia 4500 | ||
|---|---|---|---|
| 008 | 230524s9999 xx 000 0 und d | ||
| 020 | _a9.78075E+12 | ||
| 082 |
_a332.178 _bVAN |
||
| 100 |
_aAshlee Vance _945127 |
||
| 245 | 0 | _aElon Musk : How the Billionaire ceo of Spacex and Tesla is Shaping our Future | |
| 250 | _a1 | ||
| 260 |
_aLondon _bVirgin _c2020 |
||
| 300 | _a402p; | ||
| 500 | _aQuantity Number: 1 | ||
| 650 |
_aMiscellaneous _91877 |
||
| 942 | _cBK | ||
| 999 |
_c60751 _d60751 |
||